01484cam a2200349 a 4500001001400000003000800014005001700022006001900039007001500058008004100073020003800114040003000152049002600182050002300208082001400231100002100245245013000266260005300396300003900449504005100488520025800539521001700797588004700814650002400861650002400885655002900909710001600938776003500954856011000989942001601099999001901115EDZ0000071555StDuBDS20161031105128.0m||||||||d||||||||cr |||||||||||120405s2004 caua fo| 001|0|eng d a9781452204604 (ebook) :cNo price aStDuBDSbengcStDuBDSepn aAlfaisal Main Library 0aHD38.5b.M463 200404a658.52231 aMentzer, John T.10aFundamentals of supply chain managementh[electronic resource] :btwelve drivers of competitive advantage /cJohn T. Mentzer. aThousand Oaks, Calif. ;aLondon :bSAGE,cc2004. a1 online resource (293 p.) :bill. aIncludes bibliographical references and index.8 aThis text introduces 12 'drivers' for success based on the author's extensive research and experience in consulting. The roles of all the traditional business functions in supply chain management - marketing, sales, logistics, etc. - are also addressed. aSpecialized. aDescription based on print version record. 0aBusiness logistics. 0aStrategic planning. 7aElectronic books.2local2 aSage eBooks08iPrint version :z978076192908640uhttp://ezproxy.alfaisal.edu/login?url=http://sk.sagepub.com/books/fundamentals-of-supply-chain-management 2lcccEBOOKS c479927d479927